000 00851cam a22002054a 4500
005 20250605164128.0
008 250528s ||||||||||||||||||||||||d
035 _a18517
020 _a201427699
040 _aGR-AtMCL
_bgre
_dGR-AtMCL
_eAACR2
245 1 _aMathematics for Economics and Business / Second Edition
250 _a2nd
260 _bAddison-Wesley Publishing Company,
_c1995
300 _a492
520 _aA thorough foundation in mathematical methods for undergraduates studying economics, business studies and accountancy. Preface, Introduction: Getting Started, Linear Equations, Non-Linear Equations, Mathematics of Finance, Differentiation, Partial Differentiation, Integration, Matrices, Linear Programming, Solutions to Problems, Index.
700 1 _aJacques Ian
_94781
942 _cBK
999 _c3875
_d3875